000 01314nam a2200301 i 4500
001 186499
003 SpMaBN
005 20250905102002.0
008 161118s1996 sp aco |||| |dspa d
020 _a84-8026-070-X
080 _a791.44 Buñuel, Luis (064.3)
245 0 1 _a¿Buñuel!
_b: la mirada del siglo /
_cedición a cargo de Yasha David ; exposicion organizada y producida por el Museo Nacional Centro de Arte Reina Sofía y el Consejo Nacional para la Cultura y las Artes de México.
260 _a[Madrid] :
_bMuseo Nacional Centro de Arte Reina Sofía,
_c[1996]
300 _a414 p. :
_bil., fot., retr. ;
_c28 cm.
500 _aCronología 1900-1939.
500 _aFilmografía 1929-1977.
501 _aIncluye: Una jirafa / Luis Buñuel (interior de cub.)
504 _aBibliografía: p. 382-388.
505 8 _aContiene: Documentos ;
_tUn perro andaluz ;
_tLa edad de oro ;
_tLas Hurdes ;
_tViridiana
600 1 7 _aBuñuel, Luis,
_d1900-1983-
_vExposiciones
_2
_9142641
655 7 _2tgfbne
_9193628
_aCatálogos de exposiciones
710 2 _aMuseo Nacional Centro de Arte Reina Sofía
_9147737
710 2 _aConsejo Nacional para la Cultura y las Artes (México)
_9161319
740 0 2 _aUna jirafa.
852 _aES-MaACL
_jL-30843
942 _2udc
999 _c186499
_d186499